| 000 | 00724nam a22002177a 4500 | ||
|---|---|---|---|
| 005 | 20230713140243.0 | ||
| 008 | 230713b ||||| |||| 00| 0 eng d | ||
| 020 | _a8171305180 | ||
| 040 | _cAL | ||
| 041 | _amal | ||
| 082 |
_223 _a894.8123 _bSUHI |
||
| 100 |
_aB M Suhara: ബി എം സുഹറ _9126659 |
||
| 245 | _aIruttu: ഇരുട്ട് | ||
| 260 |
_aKerala _bD C Books _c1995 |
||
| 300 |
_a114p. _bPB _c21x14cm. |
||
| 365 |
_2Malayalam _b35.00 _c₹ _d35.00 |
||
| 650 |
_aMalayalam Fiction: മലയാളം ഫിക്ഷൻ _9126660 |
||
| 650 |
_aMalayam Novel: മലയാളം ഫിക്ഷൻ _9126661 |
||
| 700 |
_aSUHARA (B M): സുഹറ (ബി എം) _9126662 |
||
| 942 |
_2ddc _cDB |
||
| 999 |
_c227833 _d227833 |
||